| LEADER 00000nam 2200000uu 4500 |
| 001 208883 |
| 003 ULIBM |
| 008 130218s2554||||th 000 0 tha d |
| 041 0 ^atha
|
| 090 ^aวพ WG260 น283 2554
|
| 100 0 ^aนลัทพร สืบเสาะ
|
| 245 10 ^aรายงานวิทยานิพนธ์ เรื่อง การจัดการตนเองในผู้ป่วยโรคลิ้นหัวใจที่ได้รับยาต้านการแข็งตัวของเลือดชนิดรับประทาน /^cนลัทพร สืบเสาะ
|
| 246 15 ^aSelf-management of heart valve disease patients receivingoral anticoagulant
|
| 260 ^aขอนแก่น : ^bมหาวิทยาลัยขอนแก่น,^c2554
|
| 300 ^a[ก]-ซ, 71 หน้า
|
| 502 ^aวิทยานิพนธ์ (พย.ม.)--สาขาวิชาการพยาบาลผู้ใหญ่บัณฑิตวิทยาลัย มหาวิทยาลัยขอนแก่น, 2554
|
| 650 4 ^aหัวใจ^xโรค^xการพยาบาล
|
| 650 4 ^aหัวใจ^xโรค^xการรักษาด้วยยา
|
| 650 4 ^aลิ้นหัวใจ^xโรค^xการพยาบาล
|
| 650 4 ^aการพยาบาลผู้ใหญ่
|
| 650 0 ^aวิทยานิพนธ์
|
| 710 2 ^aมหาวิทยาลัยขอนแก่น.^bบัณฑิตวิทยาลัย.^bสาขาวิชาการพยาบาลผู้ใหญ่
|
| 999 ^aใช้งานได้ทุกระบบ
|